000 02016nam a22004217a 4500
003 DO-SdBNP
005 20240401203001.0
007 ta
008 210701b 2018 dr 00| 0 eng d
020 _a9789945911930
040 _aDO-SdBNP
_bspa
_cBNPHU
082 4 _a972.9304
_bV421s
_222
100 1 _aVeeser, Cyrus
_980011
240 1 0 _aA world safe for capitalism :$bdollar diplomacy and America's rise to global power
_lEspañol
245 1 3 _aLa soberanía en jaque :
_bUlises Heureaux y la injerencia estadounidense, 1890-1908 /
_cCyrus Veeser ; traducción, Blanca Jiménez ; cuidado de edición, Jesús R. Navarro Zerpa.
260 _aSanto Domingo :
_bAcademia Dominicana de la Historia,
_c2018.
300 _a383 p. ;
_c23 cm.
490 1 _aAcademia Dominicana de la Historia ;
_v146
500 _aIncluye datos biográficos del autor en la solapa de la cubierta.
500 _aIncluye índice onomástico
500 _aIncluye referencias bibliográficas y notas al pie de las páginas
504 _aBibliografía : p. 345-360
590 _aInventariado, 2021 /LP
600 1 0 _a Heureaux, Ulises,
_d1845-1899
_9598
610 2 _aSan Domingo Improvement Company (New York, N.Y.)
_980012
650 4 _aDeuda pública
_zRepública Dominicana
_xHistoria
_980013
650 4 _aPrestamos americanos
_zRepública Dominicana
_xHistoria
_980014
651 4 _aEstados Unidos
_xRelaciones económicas exteriores
_zRepública Dominicana
_944672
651 4 _aRepública Dominicana
_xRelaciones económicas exteriores
_zEstados Unidos
_944673
651 4 _aRepública Dominicana
_xRelaciones exteriores
_zEstados Unidos
_96308
651 4 _aEstados Unidos
_xRelaciones exteriores
_zRepública Dominicana
_96309
651 4 _aRepública Dominicana
_xHistoria
_y1890-1908
_980015
700 1 _a Jiménez, Blanca
_etr.
_980008
700 1 _a Jiménez, Blanca
_eed.
_980009
830 0 _aAcademia Dominicana de la Historia
_n146
_979070
910 _aLopérez. Validado. Control de calidad MFF
942 _2ddc
_cLBS1
999 _c50034
_d50034